After Columbus : essays in the ethnohistory of colonial North America

Αποθηκεύτηκε σε:
Λεπτομέρειες βιβλιογραφικής εγγραφής
Κύριος συγγραφέας: Axtell, James
Μορφή: Βιβλίο
Γλώσσα:English
Δημοσίευση: New York : Oxford University Press, c1988
Θέματα:
Ετικέτες: Προσθήκη ετικέτας
Δεν υπάρχουν, Καταχωρήστε ετικέτα πρώτοι!

MARC

LEADER 00000nam a2200000 i 4500
001 1/66323
008 931019s eng d
020 |a 0-19-505375-3 
035 |a ΛΕΣΒΟΣb10001707  |l 10001707 
040 |a GR-MY-UA  |b gre  |e aacr 
041 0 |a eng 
082 0 |a 973.0497 
100 1 |a Axtell, James. 
245 1 0 |a After Columbus :  |b essays in the ethnohistory of colonial North America /  |c James Axtell 
260 |a New York :   |b Oxford University Press,   |c c1988 
300 |a 300 p. 
504 |a Includes bibliographical references and index 
650 0 0 |a Indians of North America  |x Government relations  |y To 1789. 
650 0 0 |a Indians of North America  |x History  |x Colonial period, ca.  |y 1600-1775. 
852 |a INST  |b LESVOS  |e 19931019  |h 973.0497 AXT  |p 005100005377  |q 005100005377  |t BK  |y 0 
909 |a Λ  |b 020828